000
00319nam a22001337a 4500
020
_a
0-19-853446-9
082
_a
515.9 NEE
100
_a
NEEDHAM, TRISTAN
_9
77961
245
_a
VISUAL COMPLEX ANALYSIS
260
_a
OXFORD
_b
CLARENDON PRESS
_c
1998
300
_a
592P
650
_a
COMPLEX ANALYSIS
_9
58033
942
_c
BK
999
_c
583130
_d
583130